El monumento nacional: fiesta y develización, setiembre de 1895 (Registro nro. 10597)

Detalles MARC
000 -Cabecera
Campo de control de longitud fija 00606nam a22002297a 4500
005 - Fecha y hora de la última transacción
Campo de control 20240502110042.0
008 - Elementos de longitud fija--Información general
Campo de control de longitud fija 180424b xxu||||| |||| 00| 0 spa d
020 ## - International Standard Book Number
Número Internacional Estándar del Libro (ISBN) 9977953260
041 ## - Idioma
Código de idioma Español
082 ## - Clasificación Decimal Dewey
Número de clasificación 731.76 F977m
100 ## - Entrada principal--Autor personal
Nombre personal Fumero Vargas, Patricia
245 ## - Título propiamente dicho
Título El monumento nacional: fiesta y develización, setiembre de 1895
260 ## - Pie de imprenta
Lugar de publicación, distribución, etc. Costa Rica
260 ## - Pie de imprenta
Nombre del editor, distribuidor, etc. Museo Histórico Cultural Juan Santamaría
260 ## - Pie de imprenta
Fecha de publicación, distribución, etc. 1998
300 ## - Descripción física
Extensión 120 páginas
650 ## - Materia general
Temática (materia general) COSTA RICA
650 ## - Materia general
Temática (materia general) MONUMENTOS HISTÓRICOS
650 ## - Materia general
Temática (materia general) MONUMENTOS
942 ## - Punto de acceso adicional KOHA
Tipo de ítem KOHA Libro
Fuente del sistema de clasificación o colocación Dewey Decimal Classification
Existencias
Signatura completa Código de barras Programa Académico Tipo de ítem
731.76 F977m 3692 Turismo Libro